000 00570nam a2200169 i 4500
001 69691
003 ES-MaACL
005 20230906170600.0
007 t|
008 040709s1967 sp ||||1| spa d
100 1 _aGarcía García, Gabino.
_954657
245 1 0 _aFray Luis de León, teólogo del Misterio de Cristo /
_cGabino García García.
260 _aLeón :
_bCentro de Estudios e Investigación San Isidoro,
_c1967.
300 _a364 p. ;
_c24 cm.
710 2 _aCentro de Estudios e Investigación "San Isidoro"
_9134242
852 _aES-MaACL
_jC-24323
_bR.65000
999 _c69691
_d69691